000
00304nam a2200121Ia 4500
008
190415s9999 xx 000 0 und d
082
_a
RK.0147
100
_a
Khan, Mumtaj Ali
245
0
_a
Identity formation and self identity among the Harijan elite
260
_c
1982
300
_a
373p.
942
_c
BK
999
_c
14998
_d
14998